000 01342nam a2200361 i 4500
001 193058
003 ES-MaACL
005 20240707063035.0
007 ta
008 230726s2016 sp a gr 000 0 spa d
017 _aD.L.M.34945-2016
020 _a9788416768370
035 _aRebiun18648893
040 _aSpMaUCGH
_bspa
_cES-MaACL
080 _a94(517)
_22015
100 1 _aGonzález-Alcalde, Julio
_9176467
245 1 0 _aMongolia :
_bimperio de los khanes, chamanismo, budismo y shambhala /
_cJulio González-Alcalde
260 _aFuenlabrada, Madrid :
_bEntrelíneas,
_cD.L.2016
300 _a241 p. :
_bil. ;
_c23 cm
336 _2rdacontent
_aTexto
337 _2rdamedia
_asin mediación
338 _2rdacarrier
_avolumen
500 _aCatalogación provisional. Signatura: N 8549. Depósito J.
504 _aBibliogr.: p. [237]-241
651 4 _aMongolia-
_xHistoria
_99091
852 _aES-MaACL
_bR 152962
_cDEPOJ
_jN 8549
_gFirmado y dedicado por el autor
_hDonación: Julio González-Alcalde
_zEn proceso
_9200363
903 _aGonzález-Alcalde, Julio
_ednr
_9176467
942 _n0
_cMONOGRAFIA
999 _c193058
_d193058